[Event "Rohde op 08th"]
[Site "Sautron"]
[Date "2008.10.27"]
[Round "3"]
[White "Rombaldoni, Denis"]
[Black "Lalic, Bogdan"]
[Result "0-1"]
[WhiteElo "2436"]
[BlackElo "2531"]
[Annotator "Primel,D"]
[PlyCount "86"]
[EventDate "2008.10.25"]
[EventType "swiss"]
[EventRounds "9"]
[EventCountry "FRA"]
[SourceTitle "EXT 2009"]
[Source "ChessBase"]
[SourceDate "2008.11.26"]
[SourceVersion "1"]
[SourceVersionDate "2008.11.26"]
[SourceQuality "1"]

1. d4 Nf6 2. c4 g6 3. Nc3 d5 4. cxd5 Nxd5 5. e4 Nxc3 6. bxc3 Bg7 7. Bc4 {
La "vieille" variante} c5 8. Ne2 Nc6 9. Be3 O-O 10. O-O Na5 (10... Bg4 11. f3
Na5 12. Bxf7+ {variante de Séville}) 11. Bd3 b6 (11... cxd4 12. cxd4) 12. Rc1
e5 {quelques parties récentes ont été jouées а haut niveau sur cette ligne
secondaire} (12... Qc7) (12... cxd4) (12... Bb7) 13. d5 (13. dxc5 {La ligne
crittique} Be6 {[%cal Ge6a2]} ({RR} 13... Qc7 14. cxb6 axb6 15. c4 Nb7 16. Nc3)
14. c4 bxc5 15. Bxc5 Re8 16. Be3 Re7 17. Qc2 Rd7 18. Rfd1 Nc6 ({RR} 18... Rb8
19. c5) 19. a3 Qa5 20. Nc3 Qxa3 21. Nd5 Rc8 22. Ra1 Qf8 23. Ra6 Nb4 ({RR} 23...
Bxd5 24. exd5 Nb4 25. Qa4) 24. Nxb4 Qxb4 25. Rb1 Qf8 26. c5 Bh6 27. Bxh6 Qxh6 {
Topalov,V (2801)-Svidler,P (2765)/Morelia/Linares 2006/CBM 112/[Krasenkow]/1-0
(44)}) 13... c4 {[%cal Ga5b7,Gb7c5,Gb7d6]} (13... f5 $5) 14. Bb1 $6 $146 {
[%csl Rb1]} (14. Bc2 $142 Bd7 15. Rb1 Nb7 16. Ba4 Bxa4 17. Qxa4 Nd6 18. f3 f5
19. Qc2 fxe4 20. fxe4 Qh4 21. Ng3 Bh6 22. Qd2 Bxe3+ 23. Qxe3 Rf4 24. Rfe1 Raf8
25. Re2 Qf6 26. Qd2 h5 27. Qe1 h4 28. Nh1 g5 {Seifert,V (2136)-Zezulkin,J 
(2473)/Bayern 1999/EXT 2001/0-1 (37)}) 14... Nb7 $1 {[%cal Gb7d6] Le GMI
connait ses classiques et le N bloqueur en "d6" fairait plaisir а Nimzovitch}
15. f4 f6 16. f5 Nd6 $132 {[%csl Gd6]} 17. Ng3 Bd7 $11 {[%csl Rb1,Rc1] Les
noirs manquent un peu d'espace mais les pièces sont assez mal placées: Le Bb1
est mauvais La Rc1 est passive après c5c4 Le Ng3 manque de case de pénétration
а l'aile-roi.} 18. Qd2 Qe7 19. Rf2 {[%cal Gc1f1]} Rf7 20. Rcf1 {Un plan assez
douteux} Kh8 $1 {[%cal Ga8g8] La différence dans la suite de la partie est le
fait que le GMI aura un plan d'attaque sur la colonne "g" alors que le MI va
jouer sans plan précis} 21. Bc2 {reconnaisant que Bb1 n'était pas une bonne
idée.} Rg8 $1 {[%cal Gg7f8,Gg6f5]} 22. a4 Bf8 23. Qe2 Qd8 24. Kh1 Be7 25. Ra1
Qc7 26. Nf1 gxf5 $1 27. exf5 Qb7 $15 {[%csl Rd5]} 28. Qh5 Be8 (28... Qxd5 $6
29. Rd1 $44) 29. Qf3 Qa6 30. Bh6 (30. a5 bxa5 31. Ng3 $44) 30... Bf8 31. Qh3
Bxh6 32. Qxh6 Qa5 $1 {[%csl Rc3]} 33. Rf3 $2 e4 34. Rh3 Qxd5 (34... Rg5 $17)
35. Rd1 Qe5 36. Qe3 Bc6 37. Rh5 Rfg7 $40 {[%csl Rg2]} (37... Nxf5) 38. Qh3 Be8
39. Ne3 $4 Bxh5 40. Qxh5 Qxc3 41. Qe2 Nxf5 42. Nd5 Qb2 43. Qxe4 Nd6 0-1

[Event "POL-chT 66th"]
[Site "Katowice"]
[Date "2010.09.09"]
[Round "6"]
[White "Swiercz, Dariusz"]
[Black "Kolosowski, Mateusz"]
[Result "1/2-1/2"]
[WhiteElo "2507"]
[BlackElo "2342"]
[Annotator "RR"]
[PlyCount "104"]
[EventDate "2010.09.04"]
[EventType "team-tourn"]
[EventRounds "9"]
[EventCountry "POL"]
[SourceTitle "EXT 2016"]
[Source "ChessBase"]
[SourceDate "2015.10.08"]
[SourceVersion "1"]
[SourceVersionDate "2015.10.08"]
[SourceQuality "1"]
[WhiteTeam "Wroclaw Polonia"]
[BlackTeam "Prokonex"]
[WhiteTeamCountry "POL"]
[BlackTeamCountry "POL"]

1. d4 Nf6 2. c4 g6 3. Nc3 d5 4. cxd5 Nxd5 5. e4 Nxc3 6. bxc3 Bg7 7. Bc4 c5 8.
Ne2 Nc6 9. Be3 O-O 10. O-O Bd7 (10... Qc7) 11. Rb1 Qc7 (11... a6 12. d5 Ne5 13.
Bb3 Qc7 14. f4 Ng4 15. Bc1 c4 16. Bc2 $14 {Van Wely,L (2647)-Kudrin,S (2554)
Foxwoods op 08th 2006 (7) 1-0}) (11... cxd4 12. cxd4 b6) 12. Bf4 Qc8 (12... e5
$143 13. Bg3 Rad8 14. Bd5 cxd4 15. cxd4 Qa5 16. dxe5 Nxe5 17. Qb3 $36 {
Thorfinnsson,B (2435)-Sutovsky,E (2669) Gibraltar Masters 2005 (1) 1/2}) 13. d5
(13. Rc1 $5 {[%cal Gc1c8]}) 13... Na5 14. Bd3 e5 15. Be3 (15. Bd2 f5 16. exf5
c4 17. f6 cxd3 18. fxg7 Kxg7 19. Ng3 Qc4 20. Qc1 Kg8 21. Bh6 Rf7 22. Rb4 Qxd5
23. c4 Qc6 24. Qc3 Be6 25. c5 Qd5 26. Rd1 Rd8 27. Bg5 Rdd7 28. Ra4 Nc6 29. h4
h5 30. Be3 Bf5 31. f3 Kh7 32. Kh2 Nd4 33. Bxd4 exd4 34. Qc1 Qe5 35. Rxa7 Rc7
36. Qg5 Rxc5 37. Ra8 Rd5 38. Kh1 Qe3 39. Nf1 Qe2 40. Qd2 Bh3 41. Re1 Bxg2+ 42.
Kh2 Re7 43. Rxe2 dxe2 44. Ne3 Rxe3 {Werle,J (2574)-Le,Q (2694) Germany 2011 1/
2-1/2}) 15... b6 $146 (15... f5 16. exf5 gxf5 17. f3 b6 18. g4 f4 19. Bf2 h5
20. gxh5 c4 21. Bc2 Bf5 22. h6 Bxh6 23. Kh1 Bxc2 24. Qxc2 Qf5 25. Rg1+ Kh7 26.
Qxf5+ Rxf5 27. Bh4 Nb7 28. Rg4 Rg8 29. Rbg1 Rg7 30. Rxg7+ Bxg7 31. Be7 Bf8 32.
Bxf8 Rxf8 33. Rg5 Re8 34. Kg2 Nd6 35. Kh3 Nf7 36. Rg1 Rd8 37. Rd1 Kg6 38. Rd2
Nd6 39. Kg2 Nf5 40. Kf2 Rd6 41. Rd1 Kf6 {0-1 (41) Werle,J (2582)-Vachier
Lagrave,M (2716) Germany 2008}) 16. Qd2 Nb7 $1 {[%cal Gb7d6]} 17. f4 Nd6 18.
fxe5 Bxe5 19. Bh6 Re8 20. Bg5 f5 $1 21. exf5 Nxf5 22. Kh1 c4 23. Bc2 Qc5 $132
24. Rbe1 Bg7 25. Bxf5 Bxf5 26. d6 Re5 (26... Bd7 27. Be7) 27. Nf4 Bd7 28. Be7
Rf5 29. Ne2 Qd5 30. Nd4 Rxf1+ 31. Rxf1 b5 $1 {La majorité est très forte} 32.
a3 a5 33. Qb2 Rb8 {[%cal Gb5b4]} 34. Qa1 Rc8 $6 {Les Noirs avaient pourtant
préparé cette poussée en jouant Rb8} (34... b4 35. axb4 Bxd4 36. cxd4 axb4 {
[%csl Gb4,Gc4]}) 35. Rd1 Qh5 36. Nf3 Rc5 37. Qc1 Rd5 38. Rf1 Rd3 39. Nd4 Qg4 (
39... b4) 40. Qe1 h6 41. Qf2 Rd1 42. Qf7+ Kh7 43. h3 Rxf1+ 44. Qxf1 Qe4 45. Bf6
Bxh3 $1 46. Bxg7 Kxg7 47. Nxb5 Bd7 48. Nd4 Qe5 49. Qxc4 Qe1+ 50. Kh2 Qh4+ 51.
Kg1 Qe1+ 52. Qf1 Qxc3 1/2-1/2

[Event "Moscow Tal Memorial 6th"]
[Site "Moscow"]
[Date "2011.11.18"]
[Round "3"]
[White "Nakamura, Hikaru"]
[Black "Svidler, Peter"]
[Result "0-1"]
[WhiteElo "2758"]
[BlackElo "2755"]
[Annotator "Ramirez Alvarez,A"]
[PlyCount "96"]
[EventDate "2011.11.16"]
[EventType "tourn"]
[EventRounds "9"]
[EventCountry "RUS"]
[EventCategory "22"]
[SourceTitle "CBM 146"]
[Source "ChessBase"]
[SourceDate "2012.01.18"]
[SourceVersion "1"]
[SourceVersionDate "2012.01.18"]
[SourceQuality "1"]
[TimeControl "6000+30"]

1. d4 Nf6 2. c4 g6 3. Nc3 d5 4. cxd5 Nxd5 5. e4 Nxc3 6. bxc3 Bg7 7. Bc4 c5 8.
Ne2 Nc6 9. Be3 O-O 10. O-O Bg4 11. f3 {One of the tabiya's of the 80's, this
position has arisen hundreds of times. However, Black recently has shied away
from what used to be the "only move", Na5, in favour of more restrained
development.} Bd7 (11... Na5 12. Bd3 cxd4 13. cxd4 Be6 14. d5 Bxa1 15. Qxa1 {
has been the subject of much debate.}) 12. Rb1 Qc7 {Maybe the most natural
move, but actually not the most popular. Areschenko had used ...Qc7 earlier in
2011, but ...Rc8 still has more adherents.} (12... Rc8 13. Bd3 (13. dxc5 $5 Qc7
14. Nd4 {Radjabov-Brkic, 2006 EU Cup}) 13... Qc7 14. Qd2 Rfd8 15. Rfc1 Be8 16.
d5 Ne5 {and Black has good counterchances, like in Erdos-Brkic, 2011.}) 13. Bd3
(13. Bf4 {seems to be the move that puts 'the question' to the immediate Qc7.}
e5 (13... Qc8 $5 {may have been what Svidler intended, as it was Areschenko's
choice in his game against Koch. Luring the B to f4 does have its pluses, but
the R on a8 doesn't seem to have an easy future. Future tests are needed.}) 14.
Bg3 cxd4 (14... Rad8 15. Bd5 {is similar}) 15. cxd4 Rad8 16. Bd5 $14 {seems to
favour White a little. It's interesting to see what Svidler had intended to
play in that case.}) 13... Rfd8 {As opposed to the variation above in
Erdos-Brkic, Black has played Rfd8 instead of Rac8. This seems to me like it's
a very slight improvement for Black.} 14. Qd2 a6 15. f4 e6 16. dxc5 {Hikaru
feels it is time to snatch the pawn, something that becomes necessary sooner
or later if Black doesn't take on d4 himself. This always comes with risk,
however, as his structure is shattered and he is vulnerable down the d-file.
However, in this specific instance he also does get the d4 square for his N,
which is quite powerful.} Na5 {[%csl Rd3][%cal Gd7b5,Gd8d2,Gb5d3] The most
logical, with the threat of Bb5.} 17. Nd4 e5 18. fxe5 Qxe5 {This is an
interesting Grünfeld scenario. Black is down a pawn, and it is certainly
unclear if he will ever regain it. For the time being, White has a certain
dominance over the centre with his minor pieces, and his rooks seem active,
but these points might be illusory. First, the rooks are possibly on the best
squares, but without coordination with the other pieces it is hard to believe
they will cause much trouble. This draws attention to the fact that White's
pieces in the centre look nice but are quite stuck. The B on e3 defending c5,
the one on d3 defending e4. True, the N is powerful and controls a lot of
squares, but its primordial role is to block the d-file. Black's game just
seems easier.} 19. Qb2 $2 {Not a bad move, but coupled with thesubsequent
moves, definitely the wrong idea.} (19. Qf2 Qe7 20. h4 $5 {was a better way to
proceed, and the game would've been rather interesting. White is very loose
everywhere but still holds his pluses.}) 19... Rac8 20. Qb4 {This was Hikaru's
idea. To stubbornly defend the c5-pawn, as it seems it is poisoned. The
problem with devoting yourself to the protection of a pawn, is that if for one
reason or another this pawn is taken, the position frequently collapses.} Qxc5
21. Qxc5 Rxc5 {From a strategic point of view, it doesn't make any sense to
exchange queens. However, Hikaru is relying on a simple tactical sequence to
win material. What he might not have realised is that this material is more
than compensated for; a fact that is far from obvious.} 22. Ne2 {[%csl Ga5,Gd8]
[%cal Re3b6,Ra5d8] Aha, so this is the young American's idea, however Svidler
has seen further.} Rc6 23. Bb6 Rxb6 24. Rxb6 Bc6 {Sadly for White, his
coordination is gone and all his pawns are weak. If he could hold on to all of
them he would be doing great with his extra exchange, but that is just not
going to happen. Svidler begins an initiative that does not stop until the end
of the game.} 25. Rf3 (25. Bb1 Bb5 $17 {is oh so unpleasant, for example} 26.
Kf2 (26. Rf2 $2 Rd1+ 27. Rf1 Bxe2 $19) 26... Rd2 27. Rxb5 axb5 {[%csl Ra2,Rc3,
Re4][%cal Ga2h2] and the question is not who is better... the only question is
how many moves will White survive.}) 25... f5 {White's pieces are just in all
sorts of awkward places. Hikaru gives back the exchange, but it is too late
and insufficient to equalise.} 26. Rb4 Bf8 27. Rd4 Bc5 28. Re3 (28. Rf4 {
was a much better move, because it allows White to force Black's hand in the
centre sooner. It doesn't equalise, but it certainly was a more stubborn move.}
fxe4 29. Bxe4 Bb5 {This was probably what Hikaru was afraid of, as the N on e2
now has no defence. However White has a nifty resource here.} 30. Kh1 $1 Bxd4
31. Nxd4 Bc4 $15 {and Black is again better, with a better structure and more
targets, but the win is still far away.}) 28... Re8 $1 {Increasing the
pressure. White is out of moves.} 29. e5 Bd5 30. Kf2 $6 (30. a4 Nc6 $17 31. Kf1
Bb3 {drops the a-pawn anyway. However this also was a better way of returning
the exchange, for example:} 32. Rg3 Bxd4 (32... Nxe5 33. Bxf5 Bxd4 34. cxd4 Nc4
$15) 33. cxd4 Bxa4 34. Bc4+ Kf8 {The extra pawn will eventually tell, but
Black has to overcome some technical difficulties.}) 30... Bxa2 31. Ra4 (31.
Ke1 Nc6 $17 {is to no one's liking. Hikaru sacrifices another pawn in hopes
that it will confuse Svidler.}) 31... Bxe3+ 32. Kxe3 Rxe5+ 33. Kf4 Bb3 {
Of course, everything had been cooly calculated. This move saves the piece and
leaves Black in a winning endgame.} 34. Kxe5 Bxa4 {The king activity just
doesn't compensate for the two pawns, Svidler with great technique wraps up
the game.} 35. Kd6 Bc6 36. g3 Kg7 37. Nd4 Be4 38. Bxe4 fxe4 39. Nc2 (39. Kd5 e3
40. Nc2 e2 41. Ke4 Kf6 42. Kd3 Ke5 43. Kxe2 Nc4 {is a very basic endgame, as
the outside passed pawn will divert too much attention, not to mention it is
Black who is more active now.}) 39... Nc4+ 40. Kd5 Nd2 41. Kc5 Kf6 42. Kb6 Ke5
43. Kxb7 Kd5 44. Ne3+ Kc5 45. Kxa6 {White has manged to recover his lost
material, but at a great cost. His king is far away from the fight and the
lone N is no match for the combined forces of Black's passed e-pawn, N and K.}
Nb1 46. Kb7 Nxc3 47. Kc8 Kd4 48. Ng2 Kd3 {A very instructive exchange
sacrifice by Svidler. He punished Hikaru's over-eagerness to defend his
c5-pawn and after a couple of small inaccuracies after that, he was just
relentless in his technique.} 0-1

[Event "Bazna Kings 3rd"]
[Site "Bazna"]
[Date "2009.06.17"]
[Round "4"]
[White "Gelfand, Boris"]
[Black "Kamsky, Gata"]
[Result "1/2-1/2"]
[WhiteElo "2733"]
[BlackElo "2720"]
[Annotator "Rogozenco,D"]
[PlyCount "73"]
[EventDate "2009.06.14"]
[EventType "tourn"]
[EventRounds "10"]
[EventCountry "ROU"]
[EventCategory "20"]
[SourceTitle "CBM 131"]
[Source "ChessBase"]
[SourceDate "2009.07.15"]
[SourceVersion "1"]
[SourceVersionDate "2009.07.15"]
[SourceQuality "1"]

1. d4 Nf6 2. c4 g6 3. Nc3 d5 4. cxd5 Nxd5 5. e4 Nxc3 6. bxc3 Bg7 7. Bc4 c5 8.
Ne2 Nc6 9. Be3 O-O 10. O-O Na5 11. Bd3 b6 12. Qd2 e5 13. Bg5 {The idea of this
rare move is to provoke the advance of the f-pawn.} (13. d5 f5 14. Bg5 Qe8 15.
f3 c4 16. Bc2 f4 17. Kh1 h6 18. Bh4 g5 19. Be1 Bd7 {Van Wely,L (2676)-Kamsky,G
(2726)/Dagomys 2008.. with a great position for Black.}) ({The main debates
lately have been around} 13. Bh6 {but according to the present state of theory
Black has no problems after it:} exd4 14. Bxg7 Kxg7 15. cxd4 cxd4 16. f4 f6 17.
e5 Bd7 18. exf6+ Qxf6 19. Ng3 Kh8 {and the position was equal in Topalov,V 
(2796)-Kamsky,G (2725)/Sofia 2009}) (13. dxe5 Be6 14. Rad1 Nc4 15. Bxc4 Bxc4
16. f4 Qe7 17. Qc2 Rad8 $44 {Navara,D (2646)-Kamsky,G (2723)/Sochi 2008.})
13... Qd7 $146 (13... f6 14. Be3 cxd4 15. cxd4 exd4 16. Bxd4 Be6 17. Rad1 Nc6
18. Ba1 $14 {1-0 Naumkin,I (2488)-Bentivegna,F (2326)/Cutro 2009 (41)}) 14. Bh6
Bxh6 (14... exd4 15. Bxg7 Kxg7 16. cxd4 cxd4 17. f4 $44) 15. Qxh6 f6 ({In the
event of} 15... cxd4 16. cxd4 exd4 17. f4 f6 18. f5 {White has the initiative})
16. f4 Qg7 17. Qh4 {White should avoid the exchange of queens, trying to build
up some pressure in the centre and on the kingside.} exf4 (17... exd4 18. cxd4
cxd4 19. f5 $5 $44) 18. Qxf4 Be6 19. Qf2 $14 Rad8 (19... Bc4 $142 20. Bxc4+ (
20. Rad1 $5) 20... Nxc4 21. Nf4 Rae8 22. Rae1 $14) 20. Nf4 Bf7 (20... Bc4 $2
21. Bxc4+ Nxc4 22. Ne6 $18) 21. Rad1 cxd4 22. cxd4 Rd6 23. Rc1 $1 Rd7 (23...
Rc6 24. d5 Rxc1 25. Rxc1 $16) 24. d5 ({An attractive alternative was the simple
} 24. Rc2 {and it is not easy for Black to find useful moves.} Rfd8 (24... Nb7
25. Bb5 Re7 26. Bc6 Nd6 27. Nd5 Bxd5 28. Bxd5+ Kh8 29. e5 $36) 25. Ne2 {
[%csl Rf6]} Rd6 26. Rc7 (26. Bb5 $16 {[%csl Rd7][%cal Gc2c7]}) 26... R6d7 27.
Rxd7 Rxd7 28. Rc1 $1 $16 (28. Qxf6 Qxf6 29. Rxf6 Bxa2)) (24. Bb5 Re7 25. Rfe1
$14) 24... Nb7 25. Rc6 Nc5 (25... Nd6 26. Qd4 $1 $16 {[%cal Gf4e6] creating
the threat 27.Ne6 Black is in big troubles.}) 26. Bc2 Re7 27. Qd4 Rd8 (27...
Be8 $142 28. Rc8 Bb5 29. Rxf8+ Qxf8 30. Rf2 $14) 28. Qxf6 $2 (28. Rxf6 $1 Nxe4
29. Bxe4 Rxe4 30. Qxe4 Qxf6 31. Nh5 $1 (31. Ne6 Qe7 32. Rxf7 Kxf7 33. Nxd8+
Qxd8 34. Qe6+ Kf8 35. d6 Qg5 {is probably a draw}) 31... Qxf1+ (31... Qd6 32.
Nf6+ Kg7 33. Qh4 ({even stronger than} 33. Kh1 Bxd5 34. Ne8+ Rxe8 35. Qxe8 Bxa2
36. Qa4) {White has a large advantage. A few variations:} 33... Bg8 (33... h6
34. Ne4 Qxd5 35. Qf6+ Kf8 36. Kh1 {with multiple threats}) 34. Ne4 Qxd5 35.
Qe7+ Kh6 36. Nf2 {and again Black will soon have to give up material in order
to defend against direct threats.}) 32. Kxf1 gxh5 33. Qe7 Rxd5 34. Qxa7 b5 ({or
} 34... Ra5 35. Qb8+ $1 Kg7 36. Qg3+ Kf8 37. a3) 35. a3 {Perhaps this is a
draw, but at least from the practical point of view White has good winning
chances. First of all the rook does not have a stable square on the fifth rank
(it can be attacked there by the white king and queen). With the weakness on
b5 and exposed king Black will have difficulties to hold such a position to a
draw.}) 28... Qxf6 29. Rxf6 Nxe4 30. Re6 Bxe6 $8 31. Nxe6 Rxe6 32. dxe6 Nc5 33.
Rf7 Nxe6 34. Rxa7 Nc5 {After 28.Qxf6 all this was the forced. White's problem
is that the opponent's knight dominates the bishop and therefore Gelfand is
not able to make use of his active rook. The position is equal.} 35. Ra3 Kg7
36. Kf1 Rd2 37. Rc3 1/2-1/2